000
00271nam a22001097a 4500
082
_a
923.195491 KHA'F
100
_a
KHAN, MUHAMMAD AYUB
_9
80248
245
_a
FREIND NOT MASTERS A POLITICAL AUTOBIOGRAPHY
260
_a
LAHORE
_b
OXFORD
_c
1967
300
_a
275P
942
_c
BK
999
_c
585199
_d
585199